LEADER 00592nam a2200181 i 4500 001 000000251729 003 CaOOAMICUS 005 20161130000000.0 008 161130s1842 it u000 u ita u 013 $a230634 040 $aSeMil$bita 245 10$a2. 300 $a550 p. 773 0 $aForti, Francesco <1806-1838>$tLibri due delle istituzioni civili.$dFirenze : Vieusseux, 1840-1842.$g2$w()5440 850 $aSeMil 852 $aSeMil$W1$xVenegono$y1$m3L V 82 FA$j202075$B202075$CSeMilBibl$Z2$F214638 $8I 961 $aRecupero: Mantegazza 996 $6245$a2$9(OLS)http://semarc/title/46889 LEADER 00576nam a2200169 i 4500 001 000000103819 003 CaOOAMICUS 005 20011016000000.0 008 011016s1932 fr u000 u fre u 013 $a76000 040 $aSeMil$bita 245 10$aCabados-Cisterciens. 300 $aC. 1273-2550. 773 0 $tDictionnaire de théologie catholique.$dParis : Letouzey et Ané, 1930-1972.$gTome2$w()999 850 $aSeMil 852 $aSeMil$W1$xVenegono$y1$mSL1.Q VII 29/2$j60267$B60267$CSeMilBibl$Z2$F44750 $8I 996 $6245$aCabados-Cisterciens$9(OLS)http://semarc/title/150655